|
|
|
|
| LEADER |
00000nam a2200000 4500 |
| 001 |
52247 |
| 003 |
CZ-ZlUTB |
| 005 |
20190826001631.0 |
| 008 |
030112s1955 xo ao fr 0|0 0 slo |
| 040 |
|
|
|a ABA001
|b cze
|c ABA001
|d ABA001
|d ZLD002
|
| 041 |
0 |
|
|a slo
|b ger
|b rus
|
| 072 |
|
7 |
|a 591
|x Obecná zoologie
|2 Konspekt
|9 2
|
| 080 |
|
|
|a 675.1.015
|2 MRF
|
| 080 |
|
|
|a 599.735.52
|2 MRF
|
| 080 |
|
|
|a (048.8)
|2 MRF
|
| 100 |
1 |
|
|a Mrakič, František
|4 aut
|
| 245 |
1 |
0 |
|a Príspevok k histológii kože /
|c František Mrakič
|
| 260 |
|
|
|a Bratislava :
|b Vydavateľstvo Slovenskej akadémie vied,
|c 1955
|
| 300 |
|
|
|a 98 s., [15] obr. příl. :
|b il ;
|c 25 cm
|
| 546 |
|
|
|a Závěr slovensky, rusky a německy
|
| 500 |
|
|
|a 880 výt..
|
| 650 |
0 |
7 |
|a struktura kůží
|7 ph139220
|2 czenas
|
| 650 |
0 |
7 |
|a ovce
|7 ph115627
|2 czenas
|
| 653 |
0 |
|
|a ovčí kůže
|
| 653 |
0 |
|
|a ovčiny
|
| 910 |
|
|
|a ZLD002
|
| 952 |
|
|
|0 0
|1 0
|4 0
|6 59MRAKIČF
|7 0
|8 BOOK
|9 93564
|a UTBZL
|b UTBZL
|c 030
|d 2009-05-29
|l 0
|o 59/MRAKIČ,F.
|p 420010124475
|r 2019-08-26 00:00:00
|v 17.00
|w 2019-08-26
|x N:převod - Svit; | 20100831
|y 05
|
| 992 |
|
|
|a BK
|b SK
|
| 998 |
|
|
|a 001258834
|
| 999 |
|
|
|c 52247
|d 52247
|